| 000 | 00704cab a2200217 4500 | ||
|---|---|---|---|
| 001 | X3692 | ||
| 008 | 090401t1996 xxu||||| |||| 00| 0 eng d | ||
| 035 | _a(Sirsi) u32179 | ||
| 041 | _aeng | ||
| 245 | _aAdvice to planners on nursery school land use | ||
| 260 | _c1996 | ||
| 350 | _a0 | ||
| 490 |
_aCSM (Chartered Surveyor Monthly) _v5(10) July/August 1996, 8(1) |
||
| 520 | _aA DoE letter to local planning authorities points out the land use planning implications of government policies for nursery school provision. | ||
| 650 | _aCHILDREN ACT 1989 | ||
| 650 | _aNURSERY SCHOOLS | ||
| 650 | _aPLANNING PERMISSION | ||
| 690 | _aPLANNING LAW AND PRACTICE | ||
| 942 | _n0 | ||
| 948 | _c04/03/1997 | ||
| 999 |
_c21595 _d21595 |
||